Sports Quiz

Random Sports or Baseball Quiz
Score 0/46 Timer 10:00
0 Plays Today
Year Player % Correct
1956Mickey Mantle
84.2%
1999Alex Rodriguez
82.7%
1998Alex Rodriguez
82.7%
2000Alex Rodriguez
82.7%
1993Ken Griffey Jr.
81.5%
1994Ken Griffey Jr.
81.5%
1987Mark McGwire
77.3%
1955Willie Mays
76.4%
1954Willie Mays
76.4%
1957Hank Aaron
74.2%
1927Lou Gehrig
73%
2019Pete Alonso
70.4%
2015Mike Trout
69.3%
1932Jimmie Foxx
69.1%
2004Albert Pujols
68.4%
2003Albert Pujols
68.4%
1988Jose Canseco
61.4%
2015Bryce Harper
60.2%
2007Prince Fielder
59.2%
1937Joe DiMaggio
56.4%
1969Reggie Jackson
54%
1929Mel Ott
50%
1993Juan Gonzalez
49.9%
Year Player % Correct
1992Juan Gonzalez
49.9%
1959Harmon Killebrew
48.7%
2019Cody Bellinger
44%
1970Johnny Bench
41.3%
1972Johnny Bench
41.3%
1947Ralph Kiner
39.5%
1955Ernie Banks
37%
1953Eddie Mathews
36.4%
1955Eddie Mathews
36.4%
1954Eddie Mathews
36.4%
2019Ronald Acuña
35.9%
2004Adam Dunn
32.7%
1999Vladimir Guerrero
26.7%
2015Nolan Arenado
23.8%
2000Troy Glaus
21.7%
2001Troy Glaus
21.7%
1961Orlando Cepeda
19.1%
1958Rocky Colavito
16%
1929Chuck Klein
13.8%
2017Joey Gallo
12.9%
2018Joey Gallo
12.3%
1966Dick Allen
11.4%
1936Hal Trosky
6%

You're not logged in!

Compare scores with friends on all Sporcle quizzes.
OR
Log In

Sporcle TV

Today on Sporcle TV


Watch our educational content, quiz creation guides, and fun videos on Sporcle TV.

Show Comments

Extras

Top Quizzes Today


Score Distribution

Paid Content

Your Account Isn't Verified!

In order to create a playlist on Sporcle, you need to verify the email address you used during registration. Go to your Sporcle Settings to finish the process.

Report this User

Report this user for behavior that violates our Community Guidelines.

Details: